Pros and Cons of AI Usage in Early-Stage Education

Umelá inteligencia (AI) transformuje vzdelávanie v ranom detstve pomocou nástrojov, ako sú inteligentní asistenti a interaktívne hry. získavanie skúseností. Očakáva sa, že trh s umelou inteligenciou vo vzdelávaní vzrastie zo 4 miliárd USD v roku 2022 na 30 miliárd USD do roku 2032, čo bude odrážať...

Descrizione completa

Salvato in:
Dettagli Bibliografici
Autore principale: Dolná, Mária, 1989-
Natura: Capitolo di libro
Lingua:inglese
Soggetti:
Tags: Aggiungi Tag
Nessun Tag, puoi essere il primo ad aggiungerne!!

MARC

LEADER 00000naa$a2200000$$$4500
001 0306517
005 20250124144510.5
041 0 |a eng 
044 |a SK 
245 1 0 |a Pros and Cons of AI Usage in Early-Stage Education  |c Mária Dolná 
520 |a Umelá inteligencia (AI) transformuje vzdelávanie v ranom detstve pomocou nástrojov, ako sú inteligentní asistenti a interaktívne hry. získavanie skúseností. Očakáva sa, že trh s umelou inteligenciou vo vzdelávaní vzrastie zo 4 miliárd USD v roku 2022 na 30 miliárd USD do roku 2032, čo bude odrážať jej rastúce prijatie. Umelá inteligencia podporuje personalizované vzdelávanie a inkluzívnosť a podporuje deti s rôznymi potrebami. Je však potrebné riešiť problémy, ako je nadmerné spoliehanie sa na technológiu, zdravotné problémy, digitálne nerovnosti a riziká obsahu. Vyvážený prístup integrujúci umelú inteligenciu s tradičnými metódami a zabezpečenie spravodlivého prístupu maximalizuje jej potenciál obohatiť rané vzdelávanie a pripraviť študentov pripravených na budúcnosť. 
610 2 0 |a inteligencia umelá 
610 2 0 |a vzdelávanie 
610 2 0 |a školy materské 
610 2 0 |a technológie nové 
100 1 |a Dolná, Mária, 1989-